Archivmaterialien zu Hans-Peter Schreiber, 1936-

Saved in:  
Bibliographic Details
Main Author: Schreiber, Hans-Peter 1936- (Author)
Format: Electronic Archival Collections
Language:German
In:Year: 2019
Online Access: Archivdatenbank (Kalliope Verbundkatalog)
Check availability: HBZ Gateway

MARC

LEADER 00000npc a22000002 4500
001 LR111466938
003 PipeLineGenerated
005 20260508112529.0
008 190606s2019 xx ||||| 00| ||ger c
100 |a Schreiber, Hans-Peter  |0 (DE-588)111466938  |0 (DE-627)53867394X  |d 1936- 
245 |a Archivmaterialien zu Hans-Peter Schreiber, 1936- 
856 |u https://kalliope-verbund.info/gnd/111466938  |3 Archivdatenbank (Kalliope Verbundkatalog) 
ELC |a 1